Chạm tới giấc mơ
में बचाया:
| मुख्य लेखक: | |
|---|---|
| स्वरूप: | पुस्तक |
| प्रकाशित: |
Hà Nội
Hà Nội
2017
|
| विषय: | |
| टैग : |
टैग जोड़ें
कोई टैग नहीं, इस रिकॉर्ड को टैग करने वाले पहले व्यक्ति बनें!
|
| Thư viện lưu trữ: | Trung tâm Học liệu Lê Vũ Hùng, Trường Đại học Đồng Tháp |
|---|
| LEADER | 00689pam a22002298a 4500 | ||
|---|---|---|---|
| 001 | 00042739 | ||
| 005 | 20181017131056.0 | ||
| 008 | 130410s2001 ||||||Viesd | ||
| 020 | # | # | |c 127000 |a 978 604 55 2392 6 |
| 041 | 0 | # | |a Vie |
| 082 | 1 | 4 | |a 781.630 91 |b CH104T |
| 100 | 1 | # | |a Sơn Tùng M- TP |
| 245 | 1 | 0 | |a Chạm tới giấc mơ |c Sơn Tùng M- TP |
| 260 | # | # | |a Hà Nội |b Hà Nội |c 2017 |
| 300 | # | # | |a 181 tr. |c 21 cm |
| 653 | # | # | |a Ca sĩ |
| 653 | # | # | |a Tiểu sử |
| 653 | # | # | |a Việt Nam |
| 653 | # | # | |a Âm nhạc |
| 852 | # | # | |j KD.0022992 |j KM.0026693 |
| 910 | |d 17/10/2018 | ||
| 980 | # | # | |a Trung tâm Học liệu Lê Vũ Hùng, Trường Đại học Đồng Tháp |